Wireless communication systems: advanced techniques for signal reception (Record no. 8470)
[ view plain ]
| 000 -LEADER | |
|---|---|
| fixed length control field | 00606 a2200169 4500 |
| 020 ## - INTERNATIONAL STANDARD BOOK NUMBER | |
| International Standard Book Number | 0130214353 |
| 040 ## - CATALOGING SOURCE | |
| Original cataloging agency | DLC |
| Language of cataloging | DLC |
| 082 ## - DEWEY DECIMAL CLASSIFICATION NUMBER | |
| Classification number | 621.382 |
| 100 ## - MAIN ENTRY--PERSONAL NAME | |
| Personal name | Wang, Xiaodong |
| 245 ## - TITLE STATEMENT | |
| Title | Wireless communication systems: advanced techniques for signal reception |
| Statement of responsibility, etc. | Wang, Xiaodong |
| Medium | Book |
| 260 ## - PUBLICATION, DISTRIBUTION, ETC. | |
| Place of publication, distribution, etc. | New Delhi : c2004. |
| Name of publisher, distributor, etc. | Pearson Education, Inc., |
| Date of publication, distribution, etc. | c2004. |
| 300 ## - PHYSICAL DESCRIPTION | |
| Extent | xv, 682 p. |
| Other physical details | : ill. |
| Dimensions | ; 25 cm. |
| 500 ## - GENERAL NOTE | |
| General note | Includes bibliographical references and index |
| 650 ## - SUBJECT ADDED ENTRY--TOPICAL TERM | |
| Topical term or geographic name entry element | 1.Wireless communication systems.2.Signal processing--Digital techniques. |
| 700 ## - ADDED ENTRY--PERSONAL NAME | |
| Personal name | H. Vincent Poor |
| 942 ## - ADDED ENTRY ELEMENTS (KOHA) | |
| Koha item type | Book |
| Call number prefix | 621.382 WAN |
| Source of classification or shelving scheme | |
| Withdrawn status | Lost status | Damaged status | Not for loan | Collection code | Permanent Location | Current Location | Shelving location | Date acquired | Source of acquisition | Cost, normal purchase price | Total Checkouts | Full call number | Barcode | Date last seen | Price effective from | Koha item type |
|---|---|---|---|---|---|---|---|---|---|---|---|---|---|---|---|---|
| Central Library (CL) | Central Library (CL) | General Stacks | 03/10/2005 | Pak Book Corporation | 265.50 | 621.382 WAN | SEECS005414 | 11/14/2012 | 01/05/2017 | Book | ||||||
| Central Library (CL) | Central Library (CL) | General Stacks | 02/17/2015 | Golden Books | 648.00 | 621.382 WAN | SEECS013292 | 10/22/2021 | 01/05/2017 | Book |
